Countries That Use YouTube The Most - Statistics

General Stats
  • This quiz has been taken 301 times
  • The average score is 11 of 15
Answer Stats
# Users Country % Correct
167.4 mil. United States
100%
35.6 mil. United Kingdom
91%
30.3 mil. France
90%
41.2 mil. India
85%
31.3 mil. Germany
84%
22.8 mil. Canada
83%
69.5 mil. Brazil
80%
29.4 mil. Mexico
80%
47.4 mil. Russia
80%
18.7 mil. Spain
79%
46.7 mil. Japan
74%
26.1 mil. Argentina
54%
25.3 mil. Poland
46%
28.8 mil. Turkey
39%
22.0 mil. Vietnam
22%
No matching quizzes found
Score Distribution
Percent of People with Each Score
Percentile by Number Answered
Your Score History
You have not taken this quiz